000 00662nam a22002177a 4500
999 _c10288
_d10288
003 GBCCL
005 20241126110729.0
008 240520b ||||| |||| 00| 0 eng d
020 _a8186701257
040 _cgbc
082 _a261
_bTHI
245 _aThe third education revolution /
_cVishal Mangalwadi (Editor), David Marshall (Editor)
260 _aPasadena,
_bSought After Media,
_c2021
300 _a752 pages
_c23 cm
650 _aChristianity and culture
_9886
650 _aChurch and education
_911294
650 _aChurch and social problems
_91621
650 _aCross-cultural studies
_917881
650 _aEducation
_91195
942 _2ddc
_cBK
_01